Population problems and policies in new era / (Record no. 87636)

MARC details
000 -LEADER
fixed length control field 00644nam a22001937a 4500
005 - DATE AND TIME OF LATEST TRANSACTION
control field 20230302134844.0
010 ## - LCCN (DPL NO)
LC control number ENG-110616 ENG-136287
020 ## - INTERNATIONAL STANDARD BOOK NUMBER
International Standard Book Number 9789350533390
Terms of availability 1000.00
035 ## - SYSTEM CONTROL NUMBER
System control number EN-94148 EN-119819
037 ## - SOURCE OF ACQUISITION
Source of stock number/acquisition DBAD/PUB
082 ## - DEWEY DECIMAL CLASSIFICATION NUMBER
Classification number 301.32
100 ## - MAIN ENTRY--PERSONAL NAME
Personal name Malankar, Seema S.
245 ## - TITLE STATEMENT
Title Population problems and policies in new era /
Statement of responsibility, etc by Seema S. Malankar
260 ## - PUBLICATION, DISTRIBUTION, ETC. (IMPRINT)
Place of publication, distribution, etc New Delhi
Name of publisher, distributor, etc Cyber Tech Publications
Date of publication, distribution, etc 2014
270 ## - ADDRESS
City New Delhi
Address 4264/3, Ansari Road, Daryaganj
Postal code 110002
300 ## - PHYSICAL DESCRIPTION
Extent v,272p.
Dimensions 22cm(Hb)
500 ## - GENERAL NOTE
General note Includes bibliographical references and index
942 ## - ADDED ENTRY ELEMENTS (KOHA)
Source of classification or shelving scheme Dewey Decimal Classification
Item type English Books
Call number suffix MAL
Classification part 301.32
Holdings
Withdrawn status Lost status Not for loan Collection code Home library Current library Date acquired Source of acquisition Cost, normal purchase price Full call number Barcode Copy number Cost, replacement price Koha item type
    Not For Loan Non-fiction D.B.Act.Division D.B.Act.Division 06/08/2014 DBAD/PUB 1000.00 301.32 MAL EN-94148 1 1000.00 English Books
      Non-fiction Katevara Katevara 02/03/2023 DBAD/PUB 1000.00 301.32 MAL EN-119819 1   English Books

© Delhi Public Library
Hit Counter
free hit counter